Responses for show #3728 - Wednesday, November 15, 2000

2000-B College Championship semifinal game 1.
From the University of Washington in Seattle.

Contestants

[<< previous game]

Dave Sabath, a senior at Wisconsin-Madison from Western Springs, Illinois

Genevieve Romeo, a junior at Ursinus College from Yonkers, New York

Carl Gilbertsen, a junior at the University of Illinois from Chicago, Illinois

[next game >>]

Jeopardy! Round responses

THE OLD TESTAMENT
SPORTS HOME CITIES
SEE-ATTLE
CUT & DRIED
ART HISTORY
THE "SS" WORD
(Alex: All correct responses will contain the letters "S-S".)
    $100 1
Milk & honey

Genevieve
    $100 16
Milwaukee

Carl
    $100 22
Mount Rainier

Carl
    $100 11
Macaroni

Carl
    $100 21
Venus de Milo

Genevieve
    $100 2
Passenger

Carl
    $200 3
(D: Who is Aaron?)
(G: Who is Gabriel?)
(C: Who is Jeremiah?)

Joshua

CarlGenevieveDave
Triple Stumper
    $200 17
(Note: Their home stadium is in St. Petersburg, but Dave's response was accepted.)

Tampa Bay

Dave
    $200 23
The Space Needle

Dave
    $200 12
Jerky

Genevieve
    $200 27
Vincent Van Gogh

Dave
    $200 7
Dissect

Dave
    $300 4
Esther & Ruth

Triple Stumper
    $300 18
(Note: Even though they are referred to as the "Tennessee Titans".)

Nashville

Carl
    $300 24
(D: What is dogsled racing?)

Gold Rush

CarlDave
    $300 13
Cork

Dave
    $300 28
The Bayeux Tapestry

Triple Stumper
    $300 8
Ambassador

Dave
    $400 5
(D: Who was Joseph?)

Daniel

Dave
Triple Stumper
    $400 19
Vancouver

Dave
    $400 25
(with about a minute to go...)

Experience Music Project

Carl
    $400 14
Raisins

Dave
    $400 29
Impressionism

Triple Stumper
    $400 9
(C: What is instant?)

Espresso

CarlGenevieve
    $500 6
(C: Who was Samuel?)
(Alex: We have an interesting situation here: Dave & Carl are tied for second place at $-600!)

King Saul

Carl
Triple Stumper
    $500 20
San Jose

Triple Stumper
    $500 26
Octopus

Carl
    $500 15
Peat

Dave
    $700 30
Georgia O'Keeffe

Dave
    $500 10
Gossamer

Genevieve

Scores at the first commercial break (after clue 15):

Carl Genevieve Dave
-$900 $1,000 $1,100

Scores at the end of the Jeopardy! Round:

Carl Genevieve Dave
$800 $1,100 $2,500

Double Jeopardy! Round responses

COUNTRIES LED BY WOMEN
DORM LIFE
(Alex: That sounds like fun!)
THEATRE
THEY ATTENDED UW
GENETICS
SCHOOL MOTTOES
    $200 1
Ireland

Carl
    $200 18
Fraternities or sororities

Dave
    $200 16
"The Comedy of Errors"

Dave
    $200 8
Sex chromosome

Carl
    $200 6
(C: What is Genesis?)

Exodus

CarlDave
    $400 2
Latvia

Carl
    $400 19
Your roommate

Carl
    $400 17
Noh

Genevieve
    $400 29
(buzzer sounds)

Ally McBeal

Genevieve
    $400 9
Bread

Dave
    $400 7
Bob Jones University

Triple Stumper
    $600 3
Sri Lanka

Carl
    $600 20
Cockroaches

Genevieve
    $1,000 23
Andrew Lloyd Webber

Carl
    $600 28
Warren Moon

Carl
    $700 10
(D: What are chromosomes?)

Proteins

Dave
    $600 13
(D: What is God?)

Duty

Dave
Triple Stumper
    $800 4
Bangladesh

Carl
    $800 21
ABBA

Genevieve
    $800 24
Judas

Carl
    $800 27
Kitty

Genevieve
    $800 11
Shotgun method

Triple Stumper
    $800 14
Truth

Carl
    $1000 5
Finland

Carl
    $1000 22
University of Ottawa

Carl
    $1000 25
(and we have about a minute to go, Carl...)

Sam Shepard

Triple Stumper
    $1000 26
(D: Who is Newt Gingrich?)

Tom Foley

Dave
Triple Stumper
    $1000 12
Phenotype

Carl
    $1000 15
Law

Genevieve

Scores at the end of the Double Jeopardy! Round:

Carl Genevieve Dave
$9,400 $5,100 $1,200

[wagering suggestions for these scores]

Final Jeopardy! Round responses

ROYAL RESIDENCES
(Alex: The Iolani Palace, a popular tourist attraction.)
DaveWhat is Hawaii?
$1,198
GenevieveWhat is Louisiana ???
$4,400
CarlWhat is Hawaii?
$801
Hawaii

Final scores:

Carl Genevieve Dave
$10,201 $700 $2,398
Finalist 3rd place: $5,000 2nd place: $5,000

Game dynamics:

Coryat scores:

Carl Genevieve Dave
$9,000 $5,100 $1,700
21 R
(including 1 DD),
4 W
11 R,
1 W
14 R
(including 1 DD),
6 W
(including 1 DD)

Combined Coryat: $15,800

The J! Archive is created by fans, for fans. The Jeopardy! game show and all elements thereof, including but not limited to copyright and trademark thereto, are the property of Jeopardy Productions, Inc. and are protected under law. This website is not affiliated with, sponsored by, or operated by Jeopardy Productions, Inc. Join the discussion at JBoard.tv.